000 00359nam a22001217a 4500
008 230627b xxu||||| |||| 00| 0 eng d
082 _a338.1
_bKIM 2002
245 _aAgriculture, Economic Growth and Poverty Reduction
260 _aKenya
_bThe Kenya Institute for Public Policy Research and Analysis
_c2002
300 _aIV,25p
440 _n3
942 _2ddc
_cBK
999 _c2814
_d2814